| 000 | 00654nam a22001937a 4500 | ||
|---|---|---|---|
| 005 | 20250224105836.0 | ||
| 008 | 200728b ||||| |||| 00| 0 eng d | ||
| 020 | _a9781309063330 | ||
| 040 | _cKCST | ||
| 082 |
_a621.381 _bAv El |
||
| 100 |
_aAvarisitsiotis, John _94791 |
||
| 110 |
_aMcGraw-Hill Education Custom & Digital Solutions _94792 |
||
| 245 |
_aElectronics and instrumentation / _cJohn Avarisitsiotis, McGraw-Hill Education custom and digital solutions |
||
| 260 |
_a[not identified]: _bMcGraw-Hill Create, _c2017. |
||
| 300 | _a420 p. | ||
| 650 |
_aElectronic instruments. _xTextbooks. _94793 |
||
| 655 |
_aTextbooks. _94759 |
||
| 942 |
_2ddc _cCTBK |
||
| 999 |
_c519 _d519 |
||